000 00308nam a22001337a 4500
008 171023b xxu||||| |||| 00| 0 eng d
020 _a9780761925668
041 _aeng
080 _23RD
_a338
100 _a54
101 _aMEN
245 _aLEADERSHIP THEORY AND PRACTICE
_cNORTHOUSE,P,G
942 _2udc
_cBK
999 _c35366
_d35366